00360nam a2200121Ia 4500008004100000041000800041082001200049100002800061245003900089260005000128300001900178520004100197240719s9999 xx 000 0 und d aeng a657 BHA aBhattacharyya K. Ashish aEssentials Of Financial Accounting aNew DelhibPHI Learning Private Limitedc2017 a751;. P. 26 Cm aGifted By : IMT Faculty Dr.Pawan sir